Soccer Logos - Serie A - Statistics

General Stats
  • This quiz has been taken 182 times
    94 since last reset
  • The average score is 19 of 20
Answer Stats
Picture Answer % Correct
Atalanta
100%
Bologna
100%
Juventus
100%
Lazio
100%
Milan
100%
Napoli
100%
Roma
100%
Inter
99%
Fiorentina
97%
Torino
96%
Genoa
95%
Parma
94%
Como
91%
Hellas Verona
91%
Udinese
91%
Sassuolo
89%
Cagliari
87%
Lecce
87%
Pisa
78%
Cremonese
73%
No matching quizzes found
Score Distribution
Percent of People with Each Score
Percentile by Number Answered
Your Score History
You have not taken this quiz since the last reset